My Autobiography (Record no. 836780)

MARC details
000 -LEADER
fixed length control field 00315pam a2200133 a 4500
020 ## - INTERNATIONAL STANDARD BOOK NUMBER
Terms of availability
041 ## - LANGUAGE CODE
Language code of original
082 ## - DEWEY DECIMAL CLASSIFICATION NUMBER
Classification number 927.92
100 ## - MAIN ENTRY--PERSONAL NAME
Personal name CHAPLIN (C)
Relator term author
245 ## - TITLE STATEMENT
Title My Autobiography
Medium Textual Document
260 ## - PUBLICATION, DISTRIBUTION, ETC.
Name of publisher, distributor, etc. Penguin Books India Pvt. Ltd. New Delhi , London
Date of publication, distribution, etc. 1996
300 ## - PHYSICAL DESCRIPTION
Extent 493
930 ## - EQUIVALENCE OR CROSS-REFERENCE-UNIFORM TITLE HEADING [LOCAL, CANADA]
Uniform title 7375
Holdings
Withdrawn status Lost status Damaged status Not for loan Collection Home library Current library Date acquired Cost, normal purchase price Total Checkouts Full call number Barcode Date last seen Copy number Price effective from Koha item type
          Institute of Management & Research, New Delhi Institute of Management & Research, New Delhi 27/11/1999 432.00   927.92 IMD-26PB0006406 17/08/2023 1 17/08/2023 Book